Normal view
MARC view
- Levin, Esteban
Entry Nombre Personal
001 - NUMERO DE CONTROL
- campo de control: 32084
003 - IDENTIFICADOR DE NUMERO DE CONTROL
- campo de control: DLC
005 - FECHA Y HORA DE LA ÜLTIMA TRANSACCIÓN
- campo de control: 20240904113756.0
008 - DATOS DE LONGITUD FIJA
- campo de control de longitud fija: 200619n| azannaabn |n aaa
010 ## - NÚMERO DE CONTROL DE LA BIBLIOTECA DEL CONGRESO
- Número de control LC: n 2020184110
035 ## - NUMERO DE CONTROL
- Número de control: (DNLM)1857288
040 ## - FUENTE DE CATALOGACIÓN
- Agencia original de catalogación: DNLM
- Lenguaje de catalogación: spa
- Description conventions: rda
- Agencia de transcripción: DNLM
- Agencia que lo modifica: MX-MxUPN
100 1# - ENCABEZAMIENTO - NOMBRE PERSONAL
- Nombre personal: Levin, Esteban
372 ## - CAMPO DE ACTIVIDAD
- Field of activity: Psicología
- Field of activity: Educación
670 ## - FUENTE EN LA QUE SE LOCALIZARON DATOS
- Cita de la fuente: Discapacidad: clínica y educación, 2017:
- Información localizada: portada (Esteban Levin) solapa (Licenciado en psicologia, psicomotricista, psicoanalista, profesor de educatión fisica)
670 ## - FUENTE EN LA QUE SE LOCALIZARON DATOS
- Cita de la fuente: La niñez infectada : juego, educación y clínica en tiempo de aislamiento, 2020:
- Información localizada: portada (Esteban Levin)
902 ## - CATALOGADOR
- Catalogador: Víctor Ruiz/040924
